000 00428nam a22001337a 4500
005 20180827145311.0
020 _a8120317548
_c795.00
035 _aB-62757, B-062759
037 _aDPL
_bENG
245 _aMicrosoft MCSE Training kit :
_bMicrosoft windows 2000 active directory services /
260 _aNew Delhi
_bPrentice-Hall of India
_c2001
300 _axlvii, 691p.
_c20 cms.
942 _2ddc
_cEN
_h005.43
_mMCS
999 _c62407
_d62407